Devalaya vishwashasan : in the light od god oriented conscious faculty of mentality (Record no. 502880)

000 -LEADER
fixed length control field 00433cam a22001337a 4500
008 - FIXED-LENGTH DATA ELEMENTS--GENERAL INFORMATION
fixed length control field 180718b2013 xxu||||| |||| 00| 0 eng d
082 ## - DEWEY DECIMAL CLASSIFICATION NUMBER
Classification number AB45 T737
100 ## - MAIN ENTRY--PERSONAL NAME
Personal name Tripathi, Shailendra Kumar
245 ## - TITLE STATEMENT
Title Devalaya vishwashasan : in the light od god oriented conscious faculty of mentality
Statement of responsibility, etc. by Shailendra Kumar Tripathi
260 ## - PUBLICATION, DISTRIBUTION, ETC.
Place of publication, distribution, etc. Jaunpur
Name of publisher, distributor, etc. Devalaya peeth
Date of publication, distribution, etc. 2013
300 ## - PHYSICAL DESCRIPTION
Extent 87p.
650 ## - SUBJECT ADDED ENTRY--TOPICAL TERM
Topical term or geographic name entry element Hindu philosophy
650 ## - SUBJECT ADDED ENTRY--TOPICAL TERM
Topical term or geographic name entry element Hinduism
Holdings
Withdrawn status Lost status Damaged status Not for loan Permanent Location Current Location Date acquired Full call number Barcode Date last seen Price effective from Koha item type
        Indian Institute of Public Administration Indian Institute of Public Administration 2018-08-04 AB45 T737 GR19249 2018-08-04 2018-08-04 GR

Powered by Koha